| 000 | 00473nam a2200169 a 4500 | ||
|---|---|---|---|
| 005 | 20220811064044.0 | ||
| 008 | 991125s1938 fr 000 0 fre u | ||
| 035 | _aUPN01000049887 | ||
| 049 | _aCG | ||
| 050 | 4 |
_aBF182 _bM3.6 |
|
| 100 | 1 | _aManoil, A. | |
| 245 | 1 | 3 |
_aLa psychologie expérimentale en Italie : _bEcole de Milan / _cA. Manoil. |
| 260 |
_aParís : _bF. Alcan, _c1938. |
||
| 300 | _a489 p., 16 p. de láms. | ||
| 650 | 4 |
_aPsicofisiología _9452 |
|
| 905 | _aLibro | ||
| 999 |
_c49887 _d49887 |
||